Statistics for Australian Bird Species Quiz #2

Click here to take the quiz!

General Stats

  • This quiz has been taken 13 times
  • The average score is 11 of 20

Answer Stats

HintAnswer% Correct
Crimson, WesternRosella
100%
Lovely, SuperbFairy-wren
78%
Rufous, SootyOwl
78%
Royal, ShyAlbatross
67%
Little, TorresianCrow
67%
Painted, StarFinch
67%
Spotted, SwampHarrier
67%
Hooded, NightParrot
56%
Hooded, OrientalPlover
56%
Chestnut, CinnamonQuail-thrush
56%
Banded, SuperbFruit-Dove
44%
Fairy, MangroveGerygone
44%
Painted, VariedHoneyeater
44%
Australian, OrientalPratincole
44%
Cotton, GreenPygmy-goose
44%
Grey, SandstoneShrike-thrush
44%
Dusky, MaskedWoodswallow
44%
Grey, RedGoshawk
33%
Red, YellowWattlebird
33%
Pale, YellowWhite-eye
22%

Score Distribution

Percentile by Number Answered

Percent of People with Each Score

Your Score History

You have not taken this quiz